Philosophies of religion : (Record no. 30091)

000 -LEADER
fixed length control field 02481cam a22003858i 4500
001 - CONTROL NUMBER
control field 22762981
005 - DATE AND TIME OF LATEST TRANSACTION
control field 20260115101514.0
008 - FIXED-LENGTH DATA ELEMENTS--GENERAL INFORMATION
fixed length control field 220824s2022 enk b 001 0 eng
010 ## - LIBRARY OF CONGRESS CONTROL NUMBER
LC control number 2022036571
020 ## - INTERNATIONAL STANDARD BOOK NUMBER
International Standard Book Number 9781350262959
Qualifying information (hardback)
International Standard Book Number 9781350262966
Qualifying information (paperback)
Canceled/invalid ISBN 9781350262973
Qualifying information (adobe pdf)
Canceled/invalid ISBN 9781350262980
Qualifying information (epub)
040 ## - CATALOGING SOURCE
Original cataloging agency DLC
Language of cataloging eng
Description conventions rda
Transcribing agency DLC
042 ## - AUTHENTICATION CODE
Authentication code pcc
050 00 - LIBRARY OF CONGRESS CALL NUMBER
Classification number BL51
Item number .K597 2022
082 00 - DEWEY DECIMAL CLASSIFICATION NUMBER
Classification number 210
Edition number 23/eng20221024
100 1# - MAIN ENTRY--PERSONAL NAME
Personal name Knepper, Timothy D.,
Relator term author.
9 (RLIN) 33296
245 10 - TITLE STATEMENT
Title Philosophies of religion :
Remainder of title a global and critical introduction /
Statement of responsibility, etc. Timothy Knepper.
263 ## - PROJECTED PUBLICATION DATE
Projected publication date 2212
264 #1 - PRODUCTION, PUBLICATION, DISTRIBUTION, MANUFACTURE, AND COPYRIGHT NOTICE
Place of production, publication, distribution, manufacture London ;
-- New York :
Name of producer, publisher, distributor, manufacturer Bloomsbury Academic,
Date of production, publication, distribution, manufacture, or copyright notice 2022.
300 ## - PHYSICAL DESCRIPTION
Extent pages cm.
336 ## - CONTENT TYPE
Content type term text
Content type code txt
Source rdacontent
337 ## - MEDIA TYPE
Media type term unmediated
Media type code n
Source rdamedia
338 ## - CARRIER TYPE
Carrier type term volume
Carrier type code nc
Source rdacarrier
490 0# - SERIES STATEMENT
Series statement Expanding philosophy of religion
500 ## - GENERAL NOTE
General note S-KN: Ashin Khemānanda
504 ## - BIBLIOGRAPHY, ETC. NOTE
Bibliography, etc. note Includes bibliographical references and index.
520 ## - SUMMARY, ETC.
Summary, etc. "In this global introduction to philosophy of religion you begin not with a single tradition, but with religious philosophies from East Asia, South Asia, West Africa, and Native North America, alongside the classical Abrahamic and modern European traditions. Matching this diversity of traditions, chapters are organized around questions that acknowledge there is no single understanding of any god or ultimate reality. Instead you approach six different traditions of philosophizing about religion by asking questions about the journeys of both the self and the cosmos such as "What is my path?" and "Where did the cosmos come from?" Accompanied by introductory materials and an extensive glossary, each chapter includes learning objectives, questions for discussion, and suggested primary and secondary sources. The categories of religion and philosophy are interrogated throughout. Equipped with study tools and universal questions about the self and the cosmos, Philosophies of Religion: A Global and Critical Introduction shows you how to philosophize about religions around the world"--
Assigning source Provided by publisher.
650 #0 - SUBJECT ADDED ENTRY--TOPICAL TERM
Topical term or geographic name entry element Religion
General subdivision Philosophy.
776 08 - ADDITIONAL PHYSICAL FORM ENTRY
Relationship information Online version:
Main entry heading Knepper, Timothy D.
Title Philosophies of religion
Place, publisher, and date of publication London ; New York : Bloomsbury Academic, 2022
International Standard Book Number 9781350262973
Record control number (DLC) 2022036572
906 ## - LOCAL DATA ELEMENT F, LDF (RLIN)
a 7
b cbc
c orignew
d 1
e ecip
f 20
g y-gencatlg
942 ## - ADDED ENTRY ELEMENTS (KOHA)
Source of classification or shelving scheme
Koha item type Book (Short term)
Holdings
Withdrawn status Lost status Source of classification or shelving scheme Damaged status Not for loan Collection code Permanent Location Current Location Shelving location Date acquired Total Checkouts Full call number Barcode Date last seen Price effective from Koha item type Accession
          English Collection Shan State Buddhist University Library Shan State Buddhist University Library English Shelves 09/11/2023   210 Kn 22564 EB00022564 09/11/2023 09/11/2023 Book (Short term) 22564

Library - 09407999929
Admin Office - 09407999979
Dean Office - 09250910768
Registrar Office - 09892297154
Email - [email protected]
Shan State Buddhist University, Phaya Phyu Taunggyi, Shan State, Myanmar.